Corrosion engineering: principles and practice

Wedi'i Gadw mewn:
Manylion Llyfryddiaeth
Prif Awdur: Roberge, Pierre R (Awdur)
Fformat: Llyfr
Iaith:Saesneg
Cyhoeddwyd: Nueva York McGraw Hill 2008
Pynciau:
Tagiau: Ychwanegu Tag
Dim Tagiau, Byddwch y cyntaf i dagio'r cofnod hwn!

MARC

LEADER 00000nam a2200000 a 4500
001 UCI8329
003 CL-VaPUC
008 080828e20080000US |||||||||||||||||eng|d
020 |a 9780071482431 
082 0 4 |a 620.11223  |b ROB  |2 21 
100 0 |a Roberge, Pierre R  |e author  |9 531841 
245 1 0 |a Corrosion engineering: principles and practice 
300 |a 754 p 
942 |c BK 
945 |d 20080828 00:00:00  |a rbrito 
260 |a Nueva York  |b McGraw Hill  |c 2008 
650 7 |a CORROSION  |2 CL-VaPUC  |9 271912 
650 0 |a Anticorrosivos  |9 389441 
650 0 |a Electroquímica  |9 263973 
650 0 |a Termodinámica   |9 259320 
650 7 |a PROTECCION CATODICA  |2 CL-VaPUC  |9 389440 
583 |a last modification  |c 20080828 00:00:00  |k Rodrigo Vera 
999 |c 331287  |d 331285 
952 |0 0  |1 0  |4 0  |6 620_112230000000000_ROB_2008  |7 0  |8 A  |9 417631  |a BIBING  |b BIBING  |d 2019-11-22  |i 4475623  |l 1  |o 620.11223 ROB 2008  |p 4475623  |r 2025-01-20  |s 2023-08-28  |w 2019-11-22  |y BK  |k EIQ